00516nam a2200157 a 450000100100000000500170001000800410002704000250006810000290009324500420012225000120016426000390017630000210021595201050023699900170034100003930820201002031605.0130621s2001 dr 000 0 spa d aDO-SdBNPbspacBNPHU1 aSantana, Frantoni94622210aPrimero el autor /cFrantoni Santana. a2a. ed. aSanto Domingo :bImpremesa,c2001. a381 p. ;c22 cm. 0010718PDaPDbPDcCTd2013-06-21iLF1l0o p39308-10r2020-06-25w2020-06-25yLFPDZNo se presta c38798d38798